| 000 | 00357 a2200133 4500 | ||
|---|---|---|---|
| 005 | 20250626093545.0 | ||
| 020 | _a9781483375991 | ||
| 100 | _aWORTH, M. J | ||
| 245 | _aNon Profit Management: principles and Practice | ||
| 250 | _a4th Ed | ||
| 260 |
_aNew Delhi _bUsage _c2017 |
||
| 300 |
_axxiii, 510p.: ill; Table _bRefference& Index _c25cm |
||
| 942 |
_2ddc _cBKS |
||
| 999 |
_c5266 _d5266 |
||